| 000 | 00448nam a2200145Ia 4500 | ||
|---|---|---|---|
| 008 | 230917s9999||||xx |||||||||||||| ||und|| | ||
| 040 |
_e5003563 _aMAIN |
||
| 041 | _aEnglish | ||
| 082 | _a615.19 A35D | ||
| 100 | _aAshish Kumar | ||
| 245 | 0 | _aDevelopment, optimization and characterization of self micro emulsifying drug delivery system for solubility enhancement of selected BCS-Class II drugs | |
| 260 | _c2018 | ||
| 300 | _a157 p. | ||
| 942 | _cBK | ||
| 999 |
_c9360 _d9360 |
||